Interpreting Matisse Picasso / (Record no. 23311)

000 -LEADER
fixed length control field 01549cam a22003377a 4500
001 - CONTROL NUMBER
control field 12719555
005 - DATE AND TIME OF LATEST TRANSACTION
control field 20170126092005.0
008 - FIXED-LENGTH DATA ELEMENTS--GENERAL INFORMATION
fixed length control field 020326s2002 enka b 001 0 eng
010 ## - LIBRARY OF CONGRESS CONTROL NUMBER
LC control number 2002104369
020 ## - INTERNATIONAL STANDARD BOOK NUMBER
International Standard Book Number 0810962586
035 ## - SYSTEM CONTROL NUMBER
System control number (CStRLIN)NYUGB12624518-B
035 ## - SYSTEM CONTROL NUMBER
System control number (NNU)NYUb12624518
035 ## - SYSTEM CONTROL NUMBER
System control number (OCoLC)ocm50790884
040 ## - CATALOGING SOURCE
Original cataloging agency VYF
Transcribing agency VYF
Modifying agency NNU
-- DLC
042 ## - AUTHENTICATION CODE
Authentication code lccopycat
050 00 - LIBRARY OF CONGRESS CALL NUMBER
Classification number N6853
Item number .M33C68 2002
100 1# - MAIN ENTRY--PERSONAL NAME
Personal name Cowling, Elizabeth.
245 10 - TITLE STATEMENT
Title Interpreting Matisse Picasso /
Statement of responsibility, etc. Elizabeth Cowling.
260 ## - PUBLICATION, DISTRIBUTION, ETC. (IMPRINT)
Place of publication, distribution, etc. London :
Name of publisher, distributor, etc. Tate Pub. ;
Place of publication, distribution, etc. New York :
Name of publisher, distributor, etc. Distributed in North and South America by Harry N. Abrams,
Date of publication, distribution, etc. 2002.
300 ## - PHYSICAL DESCRIPTION
Extent 80 p. :
Other physical details ill. (some col.) ;
Dimensions 22 cm.
500 ## - GENERAL NOTE
General note Published to accompany an exhibition held at Tate Modern, London, May 11-Aug. 18, 2002, the Le Grand Palais, Paris, Sept. 25, 2002-Jan. 6, 2003, and the Museum of Modern Art, New York, Feb. 13-May 10, 2003.
504 ## - BIBLIOGRAPHY, ETC. NOTE
Bibliography, etc Includes bibliographical references (p. 78-79) and index.
600 10 - SUBJECT ADDED ENTRY--PERSONAL NAME
Personal name Matisse, Henri,
Dates associated with a name 1869-1954
General subdivision Criticism and interpretation.
600 10 - SUBJECT ADDED ENTRY--PERSONAL NAME
Personal name Picasso, Pablo,
Dates associated with a name 1881-1973
General subdivision Criticism and interpretation.
710 2# - ADDED ENTRY--CORPORATE NAME
Corporate name or jurisdiction name as entry element Tate Modern (Gallery)
710 2# - ADDED ENTRY--CORPORATE NAME
Corporate name or jurisdiction name as entry element Grand Palais (Paris, France)
710 2# - ADDED ENTRY--CORPORATE NAME
Corporate name or jurisdiction name as entry element Museum of Modern Art (New York, N.Y.)
942 ## - ADDED ENTRY ELEMENTS (KOHA)
Source of classification or shelving scheme
Koha item type Hard Covered Materials
Classification part N6853 .M33C68 2002
Holdings
Withdrawn status Lost status Source of classification or shelving scheme Damaged status Not for loan Home library Current library Shelving location Date acquired Source of acquisition Total Checkouts Full call number Barcode Date last seen Price effective from Koha item type
          MACHAKOS UNIVERSITY LIBRARY MACHAKOS UNIVERSITY LIBRARY Technical section 26/01/2017 Donation(BFA)   N6853 .M33C68 2002 30925 24/07/2018 26/01/2017 Hard Covered Materials
© Machakos University Library, Along The Highway, Machakos Wote Rd, Machakos, Kenya P.O. Box 136 - 90100 Machakos - Kenya

Tel: ( +254 ) 723 805829 OR Fax : 044-20353 OR Email: library@mksu.ac.ke